|
|
|
|
| LEADER |
01263nab#a2200397#ar4500 |
| 001 |
000108029 |
| 003 |
SVKKK |
| 005 |
20120425154046.0 |
| 008 |
120425c2011 xo |||||||||||||||b|slo |
| FMT |
|
|
|
| 015 |
|
|
|a SNBRB2012/04
|
| 038 |
|
|
|a SVKKK
|
| 040 |
|
|
|a SVKKK
|b slo
|e AACR2
|
| 041 |
0 |
|
|a slo
|b eng
|
| 044 |
|
|
|a xo
|c SK
|
| 080 |
|
|
|a 502
|x (437.6)
|2 1997
|
| 100 |
1 |
|
|a Kopecká, Monika
|4 aut
|
| 245 |
1 |
0 |
|a Analýza krajinnej pokrývky chráneného vtáčieho územia Úľanská mokraď z hľadiska ekologických nárokov najvýznamnejších druhov
|c Monika Kopecká
|
| 246 |
3 |
1 |
|a Land cover analysis of the protected bird area Úľanská mokraď in terms of ecological requirements of the most important species
|
| 300 |
|
|
|b Obr., tab.
|
| 504 |
|
|
|a Bibliogr. odkazy
|
| 546 |
|
|
|a Res. angl.
|
| 650 |
0 |
4 |
|a monitoring krajinnej pokrývky
|
| 650 |
0 |
4 |
|a chránené vtáčie územia
|
| 650 |
0 |
4 |
|a Natura 2000
|
| 651 |
|
4 |
|a Úľanská mokraď (Slovensko)
|
| 773 |
0 |
|
|t Geografický časopis
|g Roč. 63, č. 2 (2011), s. 175-188
|x 0016-7193
|
| 958 |
|
|
|a NB
|
| 958 |
|
|
|a SK
|
| 974 |
|
|
|a Va
|
| 992 |
|
|
|a RBX
|
| BAS |
|
|
|
| 852 |
|
|
|a SVKKK
|b BIB
|
| 856 |
4 |
1 |
|a http://www.sav.sk/journals/uploads/02201347GC-11-2-Kopecka.pdf
|
| EXP |
|
|
|
| 998 |
|
|
|a GEO
|